00456 a2200097 4500001001000000005001700010008004100027245011900068100001900187773015200206ART_4085520260410161935.0260409a 10aApuntes sobre contabilidad y estados contables. Registro público en el código civil y comercial de la Nación1 aBudzko, Isabel0 tBoletin del Consejo Profesional de Ciencias Económicas de la Provincia de Santa Fe (camara segunda)g- Año XXVII, Nº 329 (dic. 2016)wREV25058